[Event "Debrecen"]
[Site "?"]
[Date "1992.??.??"]
[Round "?"]
[White "Vaganian, R."]
[Black "Short, N."]
[Result "0-1"]
[WhiteElo "2615"]
[BlackElo "2680"]
[PlyCount "108"]
[EventDate "1992.??.??"]
[Source "ChessBase"]
[SourceDate "1992.10.01"]

1. d4 d5 2. c4 e6 3. Nc3 Nf6 4. Bg5 Be7 5. e3 O-O 6. Rc1 b6 7. cxd5 Nxd5 8. Nxd5 exd5 9. Bxe7 Qxe7 10. Bd3 c6 11. Ne2 Bb7 12. Ng3 Nd7 13. Nf5 Qf6 14. Qg4 Rfd8 15. h4 Nf8 16. Qg5 Qxg5 17. hxg5 Rd7 18. f4 Rad8 19. Kd2 Rc7 20. b4 Ne6 21. Rh4 c5 22. Rch1 h6 23. bxc5 bxc5 24. Nxh6+ gxh6 25. Rxh6 Nf8 26. f5 f6 27. Rxf6 c4 28. Bc2 c3+ 29. Ke2 Rg7 30. g6 Rc7 31. g4 Bc6 32. g5 Rb8 33. Kf3 Rcc8 34. Bb3 Rxb3 35. axb3 Bb5 36. e4 c2 37. Rc1 Rc3+ 38. Kf4 dxe4 39. Rf7 e3 40. Rb7 a6 41. Rb8 Bd3 42. d5 Rc5 43. Ke5 Rb5 44. Rd8 Rxb3 45. Rh1 Rb6 46. Rc8 e2 47. f6 Bxg6 48. Rc7 e1=Q+ 49. Rxe1 Rb1 50. Re3 c1=Q 51. Rxc1 Rxc1 52. Ra3 Rg1 53. Rxa6 Rxg5+ 54. Kd4 Kf7 0-1

[Event "Tilburg"]
[Site "?"]
[Date "1991.??.??"]
[Round "?"]
[White "Kortchnoi, V."]
[Black "Short, N."]
[Result "1/2-1/2"]
[WhiteElo "2610"]
[BlackElo "2660"]
[PlyCount "91"]
[EventDate "1991.??.??"]
[Source "ChessBase"]
[SourceDate "1991.10.01"]

1. c4 e6 2. Nc3 d5 3. d4 Nf6 4. Bg5 Be7 5. e3 O-O 6. Rc1 h6 7. Bh4 Nbd7 8. cxd5 exd5 9. Bd3 c6 10. Bg3 Nb6 11. Nf3 Bg4 12. h3 Bh5 13. Bh2 Bxf3 14. Qxf3 Bd6 15. g4 Bxh2 16. Rxh2 g6 17. h4 Qd6 18. Rg2 Kg7 19. Kd1 Rae8 20. Kc2 Ne4 21. h5 Qe7 22. Qf4 g5 23. Qf5 Nc8 24. Bxe4 dxe4 25. Qa5 f5 26. gxf5 Qd7 27. Kb1 Rxf5 28. Qa4 Qf7 29. Rg4 Nb6 30. Qxa7 Nc4 31. d5 cxd5 32. Qd4+ Kg8 33. Nxe4 dxe4 34. Qxc4 Qxc4 35. Rxc4 Rxf2 36. Rgxe4 Rxe4 37. Rxe4 Rh2 38. a4 Rxh5 39. a5 Rh4 40. Re8+ Kf7 41. Rb8 Ra4 42. Rxb7+ Kg6 43. Rb6+ Kh7 44. Rb7+ Kg6 45. Rb6+ Kh7 46. Rb7+ 1/2-1/2

[Event "PCA/Intel-GP"]
[Site "Moscow"]
[Date "1995.??.??"]
[Round "1.3"]
[White "Vyzmanavin, Alexey"]
[Black "Jussupow, Artur"]
[Result "0-1"]
[WhiteElo "2605"]
[BlackElo "2660"]
[PlyCount "114"]
[EventDate "1995.04.??"]
[Source "ChessBase"]

1. d4 Nf6 2. c4 e6 3. Nc3 d5 4. Bg5 Be7 5. e3 h6 6. Bh4 O-O 7. Rc1 b6 8. Bxf6 Bxf6 9. cxd5 exd5 10. Nge2 Bb7 11. g3 Na6 12. Bg2 Re8 13. O-O c6 14. Nf4 Bg5 15. Nd3 Nc7 16. Re1 Rc8 17. Qa4 a6 18. Qb3 Nb5 19. Na4 Rb8 20. Rc2 Re6 21. h4 Bf6 22. Rec1 a5 23. Nf4 Rd6 24. Nxd5 Rxd5 25. Bxd5 Qxd5 26. Qxd5 cxd5 27. Nxb6 Bd8 28. Nd7 Ra8 29. Rc5 Nd6 30. a4 f6 31. R5c3 Kf7 32. Kg2 Ke7 33. Nc5 Bc8 34. f3 h5 35. b3 Bb6 36. Nd3 Be6 37. Nf4 Bf7 38. Rc6 Rb8 39. Kf2 Kd7 40. R6c3 Nf5 41. Rd1 Re8 42. Rcd3 Bc7 43. Ne2 Bd6 44. Rg1 Rc8 45. Rc3 Rb8 46. Rd3 Bb4 47. Rc1 Re8 48. Nf4 g5 49. hxg5 fxg5 50. Ne2 Bg6 51. e4 dxe4 52. fxe4 Nd6 53. Rf3 g4 54. Rf4 Nxe4+ 55. Kf1 Bd2 56. Rd1 Nxg3+ 57. Nxg3 Bxf4 0-1

[Event "Munich"]
[Site "Munich"]
[Date "1991.??.??"]
[Round "8"]
[White "Christiansen, Larry Mark"]
[Black "Beliavsky, Alexander G"]
[Result "1/2-1/2"]
[WhiteElo "2590"]
[BlackElo "2640"]
[PlyCount "111"]
[EventDate "1991.05.??"]
[Source "ChessBase"]

1. c4 e6 2. Nc3 d5 3. d4 Nf6 4. Bg5 Be7 5. e3 O-O 6. Rc1 h6 7. Bh4 c5 8. cxd5 cxd4 9. exd4 Nxd5 10. Bxe7 Qxe7 11. Nf3 Nc6 12. Bb5 Bd7 13. O-O Nf6 14. Qe2 Nb4 15. Bc4 Bc6 16. Ne5 Bd5 17. Rfd1 Bxc4 18. Nxc4 Rfd8 19. Qf3 Nc6 20. Qf4 Rac8 21. a3 Qc7 22. Ne5 Qb6 23. Nxc6 Rxc6 24. Rc2 Qb3 25. Rcd2 Nd5 26. Nxd5 Qxd5 27. h4 a5 28. Re1 Qc4 29. Qe4 Rd5 30. Kh2 a4 31. Re3 Qc1 32. Ree2 Qc4 33. Re3 Qf1 34. Re1 Qb5 35. Qf4 Rcd6 36. Rc1 Qd7 37. g3 Qd8 38. Qf3 Qb6 39. Rc4 Qb5 40. Rdc2 Rf5 41. Qe2 Kh7 42. Qe4 g6 43. Rc5 Rxc5 44. dxc5 Rd5 45. Qb4 Qd3 46. Qc4 Qf3 47. Qf4 Qxf4 48. gxf4 Kg7 49. Kg3 Rd3+ 50. f3 Rb3 51. Rc4 Rxb2 52. Rxa4 Rb5 53. Rc4 Kf6 54. a4 Ra5 55. Rb4 Rxc5 56. Rxb7 1/2-1/2

[Event "Amsterdam m"]
[Site "Amsterdam NED"]
[Date "1977.??.??"]
[Round "4"]
[White "Timman, Jan H"]
[Black "Spassky, Boris Vasily"]
[Result "1/2-1/2"]
[WhiteElo "2590"]
[BlackElo "2610"]
[PlyCount "63"]
[EventDate "1977.??.??"]
[Source "www.chesslib.no"]
[SourceDate "2004.05.04"]

1. c4 e6 2. Nc3 d5 3. d4 Nf6 4. Bg5 Be7 5. e3 h6 6. Bh4 O-O 7. Rc1 Ne4 8. Bxe7 Qxe7 9. cxd5 Nxc3 10. Rxc3 exd5 11. Bd3 c6 12. Bb1 Nd7 13. Ne2 Nf6 14. f3 Re8 15. O-O b5 16. e4 dxe4 17. fxe4 Nxe4 18. Re3 f5 19. Ng3 Qg5 20. Qd3 Qg6 21. Nxe4 fxe4 22. Rxe4 Qxe4 23. Qxe4 Rxe4 24. Bxe4 Bd7 25. d5 Re8 26. dxc6 Rxe4 27. cxd7 Rd4 28. Kf2 Rxd7 29. Ke3 Rd5 30. Rf2 b4 31. Rf4 Ra5 32. Rxb4 1/2-1/2

[Event "Ter Apel"]
[Site "Ter Apel"]
[Date "1992.??.??"]
[Round "3"]
[White "Christiansen, Larry Mark"]
[Black "Vaganian, Rafael A"]
[Result "1/2-1/2"]
[WhiteElo "2595"]
[BlackElo "2590"]
[PlyCount "83"]
[EventDate "1992.03.??"]
[Source "ChessBase"]

1. d4 Nf6 2. c4 e6 3. Nc3 d5 4. Bg5 Be7 5. e3 O-O 6. Rc1 h6 7. Bh4 b6 8. cxd5 Nxd5 9. Nxd5 exd5 10. Bxe7 Qxe7 11. Bd3 c5 12. Ne2 Nd7 13. O-O Nf6 14. dxc5 bxc5 15. Qc2 c4 16. Bf5 Bxf5 17. Qxf5 Rab8 18. Rc2 Qe6 19. Qf4 Qa6 20. Nc3 Rb7 21. Rd1 Rfb8 22. Rdd2 Ne4 23. Nxe4 dxe4 24. h4 Qxa2 25. Qe5 Rb5 26. Qd4 Rb4 27. Kh2 Re8 28. Qc5 Qa4 29. Rc3 Reb8 30. Qf5 Qe8 31. Rd4 R8b5 32. Qxe4 Qxe4 33. Rxe4 Rxb2 34. Kg3 Rf5 35. f4 Rd5 36. Kf3 f5 37. Re5 Rxe5 38. fxe5 Rb4 39. Kf4 Kf7 40. Kxf5 g6+ 41. Ke4 Ke6 42. h5 1/2-1/2

[Event "Munich"]
[Site "Munich"]
[Date "1990.??.??"]
[Round "?"]
[White "Beliavsky, Alexander G"]
[Black "Boensch, Uwe"]
[Result "1-0"]
[WhiteElo "2640"]
[BlackElo "2530"]
[PlyCount "113"]
[EventDate "1990.04.??"]
[Source "ChessBase"]

1. d4 Nf6 2. c4 e6 3. Nc3 d5 4. Bg5 Be7 5. e3 O-O 6. Rc1 h6 7. Bh4 b6 8. cxd5 Nxd5 9. Nxd5 exd5 10. Bxe7 Qxe7 11. Bd3 c5 12. Ne2 Nd7 13. O-O c4 14. Bb1 Nf6 15. Nc3 Bd7 16. Qc2 g6 17. b3 b5 18. bxc4 bxc4 19. Rfe1 Rab8 20. f3 Qa3 21. Re2 Rb6 22. e4 Rfb8 23. Qd2 Kg7 24. Bc2 Be6 25. h3 Ra6 26. g4 Rb2 27. e5 Ng8 28. f4 Qb4 29. Rf1 Ne7 30. Rg2 Ra3 31. Rf3 Nf5 32. gxf5 Bxf5 33. Qe1 Rxc2 34. Rxc2 Bxc2 35. e6 f6 36. e7 Ba4 37. f5 Be8 38. fxg6 Ra6 39. Re3 Qd6 40. Qf2 Rb6 41. Qf3 Rb2 42. Ne2 Rb1+ 43. Kg2 Rb2 44. Qf5 Qd7 45. Qxd7 Bxd7 46. e8=Q Bxe8 47. Rxe8 Rxa2 48. Kf3 Kxg6 49. Nf4+ Kf7 50. Rc8 Ra3+ 51. Kg4 Re3 52. Kf5 a5 53. Nxd5 Rxh3 54. Rc7+ Kf8 55. Nf4 Rc3 56. d5 Ke8 57. d6 1-0

[Event "Mephisto-GM-Turnier"]
[Site "Altensteig"]
[Date "1993.??.??"]
[Round "1"]
[White "Romanishin, Oleg M"]
[Black "Boensch, Uwe"]
[Result "1/2-1/2"]
[WhiteElo "2615"]
[BlackElo "2525"]
[PlyCount "96"]
[EventDate "1993.07.??"]
[Source "ChessBase"]

1. d4 d5 2. c4 e6 3. Nc3 Nf6 4. Bg5 Be7 5. e3 O-O 6. Rc1 h6 7. Bh4 c5 8. dxc5 dxc4 9. Qxd8 Rxd8 10. Bxc4 Nbd7 11. c6 bxc6 12. Nf3 Bb7 13. O-O c5 14. Rfd1 Nb6 15. Be2 Rxd1+ 16. Rxd1 Nbd5 17. Ne5 Nxc3 18. bxc3 Rd8 19. Rxd8+ Bxd8 20. f3 Ba5 21. c4 g5 22. Bg3 Kg7 23. Nd3 Nd7 24. Bd6 Bb6 25. f4 Ba6 26. Ne5 Nxe5 27. fxe5 Bb7 28. Bd3 f6 29. e4 fxe5 30. Bxe5+ Kf7 31. Bd6 Kf6 32. e5+ Kf7 33. Kf2 Bc6 34. Bc2 Kg7 35. g3 Kf7 36. Ke3 Bg2 37. Kd3 Bf1+ 38. Kc3 Bg2 39. Bd1 Bc6 40. Bh5+ Kg7 41. Kd3 Bg2 42. Be7 Bc6 43. h4 gxh4 44. Bxh4 Bc7 45. Bf6+ Kf8 46. Bg4 Kf7 47. Bh5+ Kf8 48. Bg4 Kf7 1/2-1/2

[Event "Politiken Cup"]
[Site "Copenhagen"]
[Date "1996.??.??"]
[Round "7"]
[White "Kortschnoj, Viktor"]
[Black "Hansen, Sune Berg"]
[Result "1-0"]
[WhiteElo "2645"]
[BlackElo "2495"]
[PlyCount "71"]
[EventDate "1996.06.??"]
[Source "ChessBase"]

1. c4 e6 2. Nc3 d5 3. d4 Nf6 4. Bg5 Be7 5. e3 h6 6. Bh4 O-O 7. Rc1 c5 8. dxc5 dxc4 9. Bxc4 Qxd1+ 10. Kxd1 Bxc5 11. Nf3 Nbd7 12. Ke2 Nb6 13. Bb3 Bd7 14. Ne5 Rfc8 15. Nxd7 Nbxd7 16. Rhd1 Bb4 17. Nb5 a6 18. Nc7 Rab8 19. Rc4 Ba5 20. Rdc1 Rd8 21. f4 Nf8 22. R4c2 Rd6 23. f5 Rbd8 24. fxe6 fxe6 25. Bg3 Rd2+ 26. Rxd2 Rxd2+ 27. Kf3 Rxb2 28. Be5 Rxb3 29. axb3 Kf7 30. Bd6 Ng6 31. g3 Nd7 32. Ke2 Nf6 33. b4 Bb6 34. Na8 Ne4 35. Nxb6 Nxd6 36. Rc7+ 1-0

[Event "Nederland (ch)"]
[Site "?"]
[Date "1993.??.??"]
[Round "?"]
[White "Piket, Je"]
[Black "van der Sterren, P."]
[Result "1/2-1/2"]
[WhiteElo "2590"]
[BlackElo "2525"]
[PlyCount "136"]
[EventDate "1993.??.??"]
[Source "ChessBase"]
[SourceDate "1993.06.01"]

1. d4 Nf6 2. c4 e6 3. Nc3 d5 4. Bg5 Be7 5. e3 O-O 6. Rc1 h6 7. Bh4 dxc4 8. Bxc4 c5 9. Nf3 cxd4 10. exd4 Nc6 11. O-O Nh5 12. Bxe7 Nxe7 13. Re1 Nf6 14. Ne5 Qb6 15. Rc2 Rd8 16. Rd2 Bd7 17. Bb3 Be8 18. h3 Ned5 19. Qf3 Rac8 20. Qg3 Ne7 21. Red1 Bc6 22. Nxf7 Kxf7 23. Bxe6+ Kxe6 24. Re2+ Kd7 25. Rxe7+ Kxe7 26. Qxg7+ Kd6 27. Qxf6+ Kc7 28. Qe5+ Rd6 29. Rc1 Kd7 30. Ne4 Bxe4 31. Qg7+ Ke6 32. Qxh6+ Kf7 33. Qh5+ Bg6 34. Qf3+ Kg7 35. Rxc8 Qxd4 36. Rc7+ Rd7 37. Qc3 Kh6 38. Qxd4 Rxd4 39. Rxb7 a5 40. Kh2 a4 41. g4 Bb1 42. a3 Bc2 43. Rb4 Rd2 44. Kg3 Rd3+ 45. Kg2 Rd2 46. h4 Bb3 47. Kg3 Rxb2 48. h5 Ra2 49. Rb7 Ra1 50. f3 Bd5 51. Rd7 Bc4 52. Rc7 Bd5 53. Rc5 Rd1 54. Ra5 Rd3 55. Rxa4 Bxf3 56. Kh4 Bd1 57. g5+ Kh7 58. Ra7+ Kg8 59. Ra8+ Kh7 60. g6+ Kh6 61. Rh8+ Kg7 62. Rh7+ Kg8 63. h6 Rd6 64. Rg7+ Kh8 65. Kg5 Bc2 66. a4 Ra6 67. Rh7+ Kg8 68. Rg7+ Kh8 1/2-1/2

[Event "Augsburg 9394"]
[Site "Augsburg GER"]
[Date "1994.??.??"]
[Round "?"]
[White "Gavrikov, Viktor N"]
[Black "Boensch, Uwe"]
[Result "1/2-1/2"]
[WhiteElo "2580"]
[BlackElo "2535"]
[PlyCount "70"]
[EventDate "1993.12.??"]
[Source "www.chesslib.no"]
[SourceDate "2004.05.04"]

1. d4 d5 2. c4 e6 3. Nc3 Nf6 4. Bg5 Be7 5. e3 h6 6. Bh4 O-O 7. Rc1 c5 8. Nf3 cxd4 9. Nxd4 Nc6 10. Nxc6 bxc6 11. Be2 a5 12. O-O Ba6 13. Qc2 Nd7 14. Bg3 Nc5 15. Rfd1 Qb6 16. Be5 Rfc8 17. Na4 Nxa4 18. Qxa4 Qb4 19. Qc2 Bd6 20. Bd4 Qb8 21. g3 Be5 22. Bf1 Bxd4 23. Rxd4 a4 24. Qc3 Qe5 25. Rd2 Qxc3 26. Rxc3 g5 27. Ra3 Bxc4 28. Bxc4 dxc4 29. Rc3 a3 30. Rxc4 axb2 31. Rxb2 Ra3 32. h4 Kg7 33. hxg5 hxg5 34. Rbc2 Rca8 35. Rxc6 Rxa2 1/2-1/2

[Event "OHRA-B"]
[Site "Amsterdam"]
[Date "1988.??.??"]
[Round "?"]
[White "Lerner, Konstantin Z"]
[Black "Gelfand, Boris"]
[Result "1/2-1/2"]
[WhiteElo "2530"]
[BlackElo "2585"]
[PlyCount "117"]
[EventDate "1988.07.??"]
[Source "ChessBase"]

1. c4 e6 2. Nc3 d5 3. d4 Nf6 4. Bg5 Be7 5. e3 O-O 6. Rc1 h6 7. Bh4 b6 8. cxd5 Nxd5 9. Bxe7 Qxe7 10. Nxd5 exd5 11. Ne2 Rd8 12. Nc3 c5 13. Be2 cxd4 14. Qxd4 Bb7 15. Rd1 Nc6 16. Qf4 d4 17. exd4 Qb4 18. O-O Nxd4 19. Qe3 Nxe2+ 20. Qxe2 Re8 21. Qb5 Qxb5 22. Nxb5 Re2 23. Rd7 Bc6 24. Rxa7 Rxb2 25. Rxa8+ Bxa8 26. a4 Bc6 27. Rc1 Bxb5 28. axb5 Rxb5 29. Rc8+ Kh7 30. g3 Re5 31. Rb8 b5 32. h4 Kg6 33. Kg2 Kf5 34. Kf3 Ke6 35. Rb7 g6 36. Kf4 g5+ 37. hxg5 hxg5+ 38. Kg4 Rd5 39. Rb6+ Kd7 40. Rb7+ Ke6 41. Rb6+ Ke7 42. Rb7+ Kf6 43. Rb6+ Kg7 44. Kh5 Rc5 45. Ra6 Kf8 46. Ra7 Rf5 47. Rb7 Ke8 48. Kg4 Rc5 49. Kh5 Rd5 50. Ra7 Rf5 51. Kg4 Rxf2 52. Rb7 Rb2 53. Kxg5 Rb3 54. g4 b4 55. Kf6 Rf3+ 56. Ke5 b3 57. Ke4 Rc3 58. g5 Kf8 59. Kf5 1/2-1/2

[Event "Rubinstein mem"]
[Site "Polanica Zdroj"]
[Date "1991.??.??"]
[Round "2"]
[White "Romanishin, Oleg M"]
[Black "Lau, Ralf"]
[Result "1/2-1/2"]
[WhiteElo "2600"]
[BlackElo "2500"]
[PlyCount "74"]
[EventDate "1991.09.??"]
[Source "ChessBase"]

1. d4 d5 2. c4 e6 3. Nc3 Nf6 4. Bg5 Be7 5. e3 h6 6. Bh4 O-O 7. Rc1 Re8 8. Nf3 Nbd7 9. Bd3 a6 10. c5 c6 11. O-O e5 12. dxe5 Ng4 13. Bg3 Bxc5 14. e4 d4 15. Ne2 Ba7 16. e6 Rxe6 17. Nexd4 Re8 18. Bb1 Nde5 19. h3 Nxf3+ 20. Nxf3 Qxd1 21. Rfxd1 Nf6 22. Be5 Be6 23. Bd4 Bb8 24. Be3 Bc7 25. Nd4 Bd7 26. Nb3 Rad8 27. Nc5 Bc8 28. Rxd8 Bxd8 29. f3 Bc7 30. Kf2 Nh5 31. g4 Nf4 32. Rh1 Rd8 33. Bc2 h5 34. Bxf4 Bxf4 35. Nd3 hxg4 36. hxg4 Bc7 37. Ke2 Bb6 1/2-1/2

[Event "Groningen"]
[Site "Groningen"]
[Date "1992.??.??"]
[Round "5"]
[White "Christiansen, Larry Mark"]
[Black "Klovans, Janis"]
[Result "1/2-1/2"]
[WhiteElo "2625"]
[BlackElo "2470"]
[PlyCount "91"]
[EventDate "1992.12.??"]
[Source "ChessBase"]

1. d4 d5 2. c4 e6 3. Nc3 Nf6 4. Bg5 Be7 5. e3 O-O 6. Rc1 h6 7. Bh4 b6 8. cxd5 Nxd5 9. Nxd5 exd5 10. Bxe7 Qxe7 11. Ne2 Bb7 12. g3 Qe4 13. Rg1 c5 14. dxc5 Nc6 15. Bg2 Qe7 16. cxb6 axb6 17. Nd4 Nxd4 18. Qxd4 Rxa2 19. Kd2 Rfa8 20. Rge1 R8a4 21. Qc3 R4a3 22. Qd4 Ra4 23. Qc3 d4 24. exd4 Qf6 25. Bxb7 Qxf2+ 26. Kd3 Rxb2 27. Re8+ Kh7 28. Be4+ g6 29. Bxg6+ Kxg6 30. Qc6+ Kg7 31. Qxa4 Qd2+ 32. Ke4 Qxc1 33. Qd7 Rxh2 34. Qg4+ Qg5 35. Qxg5+ hxg5 36. Kf5 Rd2 37. Rd8 b5 38. Kxg5 b4 39. Kf5 b3 40. Ke5 b2 41. Rb8 f6+ 42. Kd5 Kg6 43. Kc4 Rg2 44. d5 Kf5 45. Kd4 Rd2+ 46. Ke3 1/2-1/2

[Event "4. EU Ch.sf.1"]
[Site "IV EU Ch.sf.1"]
[Date "1992.??.??"]
[Round "?"]
[White "Raupp"]
[Black "David, Gundula"]
[Result "1-0"]
[WhiteElo "2580"]
[BlackElo "2505"]
[PlyCount "143"]
[EventDate "1992.??.??"]
[Source "www.chesslib.no"]
[SourceDate "2004.05.04"]

1. d4 d5 2. c4 e6 3. Nc3 Nf6 4. Bg5 Be7 5. e3 O-O 6. Rc1 h6 7. Bh4 b6 8. Bxf6 Bxf6 9. cxd5 exd5 10. Qf3 Bb7 11. Bc4 c6 12. Bb3 Na6 13. Nge2 Nc7 14. O-O Ne6 15. Nf4 Nxf4 16. Qxf4 Qd7 17. Rcd1 Rad8 18. Rfe1 Rfe8 19. h3 Re7 20. a3 Qe8 21. Ba4 Re6 22. Qf5 g6 23. Qb1 Bg7 24. b4 Qe7 25. Ne2 Qg5 26. Nf4 Re4 27. Nd3 h5 28. Rc1 Rd6 29. Rc3 Bc8 30. Kh2 Bf5 31. Bxc6 Qf6 32. Bb5 g5 33. Qd1 Qe7 34. Qd2 g4 35. Rec1 Qg5 36. g3 Bxd4 37. R3c2 Bg7 38. h4 Qh6 39. Rc6 d4 40. Nf4 Re5 41. Rxd6 Qxd6 42. Bf1 Bf8 43. Rd1 a5 44. Qxd4 Qxd4 45. Rxd4 axb4 46. axb4 Be6 47. Bg2 Be7 48. Nd3 Rf5 49. Be4 Rf6 50. Nf4 Rh6 51. b5 Kf8 52. Bc6 Kg7 53. Ra4 Bb3 54. Ra7 Bb4 55. Rd7 Be6 56. Rb7 Ba5 57. Kg2 Bc4 58. Bd5 Bxd5+ 59. Nxd5 Re6 60. Re7 Rxe7 61. Nxe7 Kf6 62. Nd5+ Ke5 63. Nf4 Kd6 64. Nxh5 Kc5 65. Nf6 Kxb5 66. Nxg4 Bc3 67. e4 Bg7 68. Ne3 Kc5 69. Kf3 b5 70. Ke2 b4 71. Kd3 b3 72. f4 1-0

[Event "Espoo zt"]
[Site "Espoo"]
[Date "1989.??.??"]
[Round "?"]
[White "Olafsson, Helgi"]
[Black "Schussler, Harry"]
[Result "1/2-1/2"]
[WhiteElo "2545"]
[BlackElo "2540"]
[PlyCount "81"]
[EventDate "1989.07.??"]
[Source "ChessBase"]

1. d4 Nf6 2. c4 e6 3. Nc3 d5 4. Bg5 Be7 5. e3 h6 6. Bh4 O-O 7. Rc1 b6 8. cxd5 Nxd5 9. Nxd5 exd5 10. Bxe7 Qxe7 11. Bd3 c5 12. Ne2 Nd7 13. O-O Nf6 14. dxc5 bxc5 15. Qc2 c4 16. Bf5 Bxf5 17. Qxf5 Rab8 18. Rc2 Rb6 19. Nd4 Qe4 20. Qf3 Qxf3 21. gxf3 Nd7 22. Rd1 Ne5 23. b3 Rfb8 24. Kf1 Nd3 25. Rc3 a5 26. Rd2 cxb3 27. Rxb3 Ne5 28. Rdb2 Rb4 29. Rxb4 axb4 30. a3 Ra8 31. axb4 Nc4 32. Rc2 Ra1+ 33. Ke2 Rb1 34. b5 Kf8 35. e4 Nd6 36. Rc5 dxe4 37. Rd5 exf3+ 38. Kxf3 Ke7 39. Re5+ Kd7 40. Rd5 Kc7 41. Rc5+ 1/2-1/2

[Event "Munich active"]
[Site "?"]
[Date "1991.??.??"]
[Round "?"]
[White "Hort, Vlastimil"]
[Black "Boensch, Uwe"]
[Result "1/2-1/2"]
[WhiteElo "2540"]
[BlackElo "2535"]
[PlyCount "65"]
[EventDate "1991.??.??"]
[Source "www.chesslib.no"]
[SourceDate "2004.05.04"]

1. c4 e6 2. d4 d5 3. Nc3 Nf6 4. Bg5 Be7 5. e3 h6 6. Bh4 O-O 7. Rc1 c5 8. dxc5 dxc4 9. Qc2 Nd5 10. Bxe7 Qxe7 11. Bxc4 Nxe3 12. Qe4 Nxc4 13. Qxc4 b6 14. cxb6 axb6 15. Nge2 Ba6 16. Qe4 Nd7 17. O-O Nc5 18. Qe3 Rfd8 19. Rfd1 Nd3 20. Rc2 Nb4 21. Rxd8+ Rxd8 22. Rd2 Rxd2 23. Qxd2 Nd3 24. Qe3 Qd6 25. b3 e5 26. h3 Bb7 27. f3 f5 28. Nb5 Qd8 29. a4 f4 30. Qd2 Qd5 31. Nec3 Qc5+ 32. Kh2 Qe3 33. Qd1 1/2-1/2

[Event "Brussels zt"]
[Site "Brussels"]
[Date "1993.??.??"]
[Round "9"]
[White "Dorfman, Josif D"]
[Black "Van der Sterren, Paul"]
[Result "1/2-1/2"]
[WhiteElo "2580"]
[BlackElo "2490"]
[PlyCount "93"]
[EventDate "1993.04.??"]
[Source "ChessBase"]

1. c4 e6 2. Nc3 d5 3. d4 Nf6 4. Bg5 Be7 5. e3 O-O 6. Rc1 h6 7. Bh4 c5 8. Nf3 cxd4 9. Nxd4 dxc4 10. Bxc4 Bd7 11. O-O Nc6 12. Nb3 Rc8 13. Be2 Nd5 14. Bg3 Nxc3 15. Rxc3 Nb4 16. Rxc8 Qxc8 17. a3 Nc6 18. Qc2 e5 19. Qc3 Be6 20. Rc1 Qd8 21. Nc5 Bxc5 22. Qxc5 Qd2 23. Qc2 Rd8 24. Kf1 Bb3 25. Qc3 e4 26. f3 exf3 27. gxf3 Qxc3 28. Rxc3 Bd1 29. b4 a6 30. Bxa6 bxa6 31. Rxc6 Ba4 32. Rc3 Rd2 33. h4 h5 34. e4 f6 35. Ke1 Ra2 36. f4 Bb5 37. Kd1 Rg2 38. Re3 Kf7 39. Ke1 Rc2 40. e5 fxe5 41. fxe5 Ke6 42. Bf4 Kf5 43. Bg5 Ke6 44. Bd8 Rc8 45. Bg5 Rc2 46. Bf4 Kf5 47. Bg5 1/2-1/2

[Event "FRA"]
[Site "France"]
[Date "1993.??.??"]
[Round "?"]
[White "Spraggett, Kevin B"]
[Black "Ivkov, Borislav"]
[Result "1/2-1/2"]
[WhiteElo "2565"]
[BlackElo "2505"]
[PlyCount "84"]
[EventDate "1993.??.??"]
[Source "www.chesslib.no"]
[SourceDate "2004.05.04"]

1. d4 Nf6 2. c4 e6 3. Nc3 d5 4. Bg5 Be7 5. e3 h6 6. Bh4 O-O 7. Rc1 b6 8. cxd5 Nxd5 9. Nxd5 exd5 10. Bxe7 Qxe7 11. Bd3 Be6 12. Ne2 c5 13. O-O Nd7 14. Qd2 Nf6 15. dxc5 bxc5 16. Qa5 Rfc8 17. b3 Qd6 18. h3 Qb6 19. Qd2 a5 20. Nc3 Qb4 21. Rfd1 Bd7 22. Bb1 Bc6 23. Ne2 Qb6 24. Ng3 Bb7 25. Nf5 Qe6 26. f3 a4 27. b4 c4 28. a3 Re8 29. Re1 h5 30. g4 g6 31. Nd4 Qe5 32. Qh2 Qxh2+ 33. Kxh2 hxg4 34. hxg4 Kg7 35. Kg2 Re7 36. Rc3 Nd7 37. Rh1 Ne5 38. Kf2 Nc6 39. Nxc6 Bxc6 40. e4 Rae8 41. Bc2 dxe4 42. Rxc4 Bd5 1/2-1/2

[Event "IBM"]
[Site "Amsterdam"]
[Date "1977.??.??"]
[Round "13"]
[White "Timman, Jan H"]
[Black "Donner, Jan Hein"]
[Result "1-0"]
[WhiteElo "2590"]
[BlackElo "2470"]
[PlyCount "77"]
[EventDate "1977.06.??"]
[Source "ChessBase"]

1. d4 d5 2. c4 e6 3. Nc3 Nf6 4. Bg5 Be7 5. e3 O-O 6. Rc1 h6 7. Bh4 Ne4 8. Bxe7 Qxe7 9. cxd5 Nxc3 10. Rxc3 exd5 11. Bd3 c6 12. Bb1 Re8 13. Ne2 Nd7 14. O-O Nf8 15. f3 Be6 16. Nf4 Qd6 17. a3 Re7 18. Qd2 Rd8 19. b4 a6 20. Bc2 Bc8 21. Rb1 Rde8 22. a4 Bd7 23. Rbb3 g5 24. Nh5 f5 25. Rb1 Nh7 26. Rf1 Nf6 27. Nxf6+ Qxf6 28. e4 dxe4 29. fxe4 f4 30. e5 Qg7 31. Be4 Be6 32. b5 axb5 33. axb5 Rd8 34. bxc6 bxc6 35. Qf2 Red7 36. Rxc6 Qf7 37. Rd1 Bd5 38. Rg6+ Kf8 39. Bc2 1-0

[Event "Moscow-A"]
[Site "Moscow RUS"]
[Date "1987.??.??"]
[Round "?"]
[White "Hjartarson, Johann"]
[Black "Lputian, Smbat G"]
[Result "1/2-1/2"]
[WhiteElo "2555"]
[BlackElo "2500"]
[PlyCount "53"]
[EventDate "1987.06.??"]
[Source "www.chesslib.no"]
[SourceDate "2004.05.04"]

1. d4 Nf6 2. c4 e6 3. Nc3 d5 4. Bg5 Be7 5. e3 h6 6. Bh4 O-O 7. Rc1 b6 8. cxd5 Nxd5 9. Nxd5 exd5 10. Bxe7 Qxe7 11. Bd3 c5 12. Ne2 Nd7 13. O-O c4 14. Bb1 Nf6 15. Nc3 b5 16. Nxb5 Rb8 17. Nc3 Rxb2 18. Na4 Bg4 19. Qe1 Re2 20. Qa5 Be6 21. Nc3 Rb2 22. Rc2 Rfb8 23. Rxb2 Rxb2 24. Na4 Re2 25. Nc3 Rb2 26. Na4 Re2 27. Nc3 1/2-1/2

[Event "Rubinstein mem"]
[Site "Polanica Zdroj"]
[Date "1987.??.??"]
[Round "?"]
[White "Greenfeld, Alon"]
[Black "Boensch, Uwe"]
[Result "1/2-1/2"]
[WhiteElo "2520"]
[BlackElo "2530"]
[PlyCount "28"]
[EventDate "1987.08.??"]
[Source "ChessBase"]

1. d4 Nf6 2. c4 e6 3. Nc3 d5 4. Bg5 Be7 5. e3 h6 6. Bh4 O-O 7. Rc1 b6 8. cxd5 Nxd5 9. Bxe7 Qxe7 10. Nxd5 exd5 11. Bd3 c5 12. Nf3 Be6 13. O-O Rc8 14. e4 Nd7 1/2-1/2

[Event "SSDF 40-2, DK Bramming"]
[Site "?"]
[Date "1999.04.21"]
[Round "14"]
[White "MChess 8 P200MMX 60MB"]
[Black "Nimzo 99 P200MMX 47MB"]
[Result "1-0"]
[WhiteElo "2481"]
[BlackElo "2565"]
[PlyCount "120"]
[EventDate "1999.??.??"]
[Source "www.chesslib.no"]
[SourceDate "2004.05.04"]

1. d4 Nf6 2. c4 e6 3. Nc3 d5 4. Bg5 Be7 5. e3 O-O 6. Rc1 h6 7. Bh4 b6 8. cxd5 Nxd5 9. Nxd5 exd5 10. Bxe7 Qxe7 11. Be2 c5 12. dxc5 Bb7 13. cxb6 axb6 14. Qb3 d4 15. Nf3 dxe3 16. fxe3 Ba6 17. a3 Nd7 18. Bxa6 Rxa6 19. Rc7 Qd6 20. Rc3 Nc5 21. Qc2 Na4 22. Rd3 Qf6 23. Rd4 Qe6 24. Qe2 Nc5 25. O-O Raa8 26. Rf4 Rae8 27. Rb4 Nd7 28. Rd1 Nc5 29. Nd4 Qg6 30. Qf3 Ne4 31. Qf5 Re6 32. Rb5 Rd8 33. Rf1 Qxf5 34. Rbxf5 Ree8 35. Rxf7 Nd2 36. R1f2 Nc4 37. h3 Rxe3 38. Nc6 Rde8 39. R7f4 Re1+ 40. Kh2 Ne3 41. b3 Rc1 42. Nd4 Rc3 43. Re2 Rd3 44. Rf3 Rxd4 45. Rfxe3 Rxe3 46. Rxe3 Kf7 47. Rc3 Ke6 48. Rc7 g6 49. b4 b5 50. Rc6+ Rd6 51. Rxd6+ Kxd6 52. Kg3 Ke5 53. Kf3 Kf5 54. g4+ Ke5 55. Ke3 Kd5 56. Kd3 Ke5 57. Kc3 Kd5 58. Kb3 Kc6 59. a4 bxa4+ 60. Kxa4 Kb6 1-0

[Event "Noviki-A"]
[Site "Budapest"]
[Date "1987.??.??"]
[Round "?"]
[White "Gurevich, Mikhail"]
[Black "Boensch, Uwe"]
[Result "0-1"]
[WhiteElo "2515"]
[BlackElo "2530"]
[PlyCount "106"]
[EventDate "1987.09.??"]
[Source "ChessBase"]

1. d4 Nf6 2. c4 e6 3. Nc3 d5 4. Bg5 Be7 5. e3 O-O 6. Rc1 h6 7. Bh4 b6 8. Bxf6 Bxf6 9. cxd5 exd5 10. g3 c6 11. Bg2 Bb7 12. Nge2 Be7 13. O-O Nd7 14. Qa4 Nf6 15. Rfd1 Re8 16. a3 Bd6 17. Na2 Ng4 18. Nb4 Qf6 19. Rf1 Bxb4 20. axb4 Qd6 21. b5 cxb5 22. Qxb5 Nf6 23. Nf4 a5 24. Rfd1 a4 25. Nd3 Ra5 26. Qb4 Qxb4 27. Nxb4 Rb5 28. Nd3 Rb3 29. Rc7 Ba6 30. Ne5 Rxb2 31. Ra7 Be2 32. Rc1 b5 33. Nxf7 Bc4 34. Nd6 Rd8 35. Nb7 Rd7 36. Ra8+ Kf7 37. Nc5 Re7 38. Bh3 Ra2 39. Ra6 a3 40. Be6+ Rxe6 41. Rxe6 Rb2 42. Ra6 a2 43. Kg2 b4 44. Ra7+ Kg6 45. e4 b3 46. Nxb3 Bxb3 47. e5 Ne4 48. Rc6+ Kh5 49. e6 Rxf2+ 50. Kg1 Re2 51. Kf1 Rxh2 52. e7 Nxg3+ 53. Kg1 Re2 0-1